<?xml version="1.0" encoding="UTF-8"?>
<record
    xmlns:xsi="http://www.w3.org/2001/XMLSchema-instance"
    xsi:schemaLocation="http://www.loc.gov/MARC21/slim http://www.loc.gov/standards/marcxml/schema/MARC21slim.xsd"
    xmlns="http://www.loc.gov/MARC21/slim">

  <leader>01964agaaa2200337   4500</leader>
  <controlfield tag="001">8285</controlfield>
  <controlfield tag="003">IT-RoPAU</controlfield>
  <controlfield tag="005">20220918181239.0</controlfield>
  <controlfield tag="007">d cvaizq</controlfield>
  <controlfield tag="008">50131s9999||||xx ||| |     ||   ||und||</controlfield>
  <datafield tag="040" ind1=" " ind2=" ">
    <subfield code="a">IT-RoPAU</subfield>
    <subfield code="c">IT-RoPAU</subfield>
  </datafield>
  <datafield tag="041" ind1=" " ind2=" ">
    <subfield code="a">ITALIANO</subfield>
  </datafield>
  <datafield tag="100" ind1=" " ind2=" ">
    <subfield code="a">Bunuel Luis</subfield>
    <subfield code="g">Codice regista SPICS: 8694</subfield>
    <subfield code="9">36748</subfield>
  </datafield>
  <datafield tag="130" ind1=" " ind2=" ">
    <subfield code="a">ISOLA CHE SCOTTA (L')</subfield>
    <subfield code="9">44569</subfield>
  </datafield>
  <datafield tag="240" ind1=" " ind2=" ">
    <subfield code="a">FIEVRE MONTE A EL PAO (LA)</subfield>
    <subfield code="g">T0209</subfield>
  </datafield>
  <datafield tag="245" ind1=" " ind2=" ">
    <subfield code="a">ISOLA CHE SCOTTA (L')</subfield>
    <subfield code="c">Prodotto da: Borderie Raymond -- Sceneggiatura: Bunuel Luis Alcoriza Luis Dorat Charles Sapin Louis -- Diretto da: Bunuel Luis</subfield>
    <subfield code="p">ISOLA CHE SCOTTA (L') (Rif. Codice opera principale : 48285)</subfield>
  </datafield>
  <datafield tag="246" ind1=" " ind2=" ">
    <subfield code="a">FIEVRE MONTE A EL PAO (LA)</subfield>
  </datafield>
  <datafield tag="250" ind1=" " ind2=" ">
    <subfield code="a">Edizione Standard</subfield>
  </datafield>
  <datafield tag="260" ind1=" " ind2=" ">
    <subfield code="a">PARIGI - MESSICO (FRANCIA)</subfield>
    <subfield code="b">GROUPE DES QUATRE - FIMEX / Distribuzione: RAI</subfield>
    <subfield code="g">"1959 (1&#xB0; ed.: 1987 ; Ed. Lingua Orig.: 1959)"</subfield>
  </datafield>
  <datafield tag="300" ind1=" " ind2=" ">
    <subfield code="a">VHS</subfield>
    <subfield code="b">sonoro, col.</subfield>
    <subfield code="c">90 minuti</subfield>
  </datafield>
  <datafield tag="508" ind1=" " ind2=" ">
    <subfield code="a">"Fotografia: Figueroa Gabriel; Musica: Misraki Paul; Sceneggiatura: Bunuel Luis Alcoriza Luis Dorat Charles Sapin Louis; "</subfield>
  </datafield>
  <datafield tag="511" ind1=" " ind2=" ">
    <subfield code="a">"Philipe Gerard; Felix Maria; Servais Jean; Dantes Raul; Ferriz M.A.; Dantes R."</subfield>
  </datafield>
  <datafield tag="520" ind1=" " ind2=" ">
    <subfield code="a">IL NUOVO GOVERNATORE DI UN'ISOLA VUOLE SPOSARE LA VEDOVA DEL PREDECESSORE LEI ACCETTA MA STUDIA UN PIANO ASSIEME AD UN CORTEGGIATORE PER VENDICARSI IL PIANO RIESCE E L'UOMO VIENE ALLONTANATO LA DONNA IN SEGUITO AD UNA RIVOLTA E' CONDANNATA A MORTE E IL CORTEGGIATORE CHE NEL FRATTEMPO HA OTTENUTO ILCOMANDO VACANTE PER TIMORE DI GIOCARSI LA CARRIERA INVIA TROPPO TARDI L'ORDINE DI SOSPENDERE L'ESECUZIONE. FILM IN BIANCO E NERO</subfield>
  </datafield>
  <datafield tag="538" ind1=" " ind2=" ">
    <subfield code="a">PAL, STEREO</subfield>
  </datafield>
  <datafield tag="546" ind1=" " ind2=" ">
    <subfield code="a">ITALIANO</subfield>
  </datafield>
  <datafield tag="650" ind1=" " ind2=" ">
    <subfield code="a">DRAMMATICO</subfield>
    <subfield code="e">FILMS [VHS]</subfield>
    <subfield code="x">Codice MATERIA SPICS: 9960</subfield>
    <subfield code="9">34083</subfield>
  </datafield>
  <datafield tag="700" ind1=" " ind2=" ">
    <subfield code="a">Bunuel Luis </subfield>
    <subfield code="e">(regista)</subfield>
    <subfield code="g">Codice regista SPICS: 8694</subfield>
    <subfield code="9">36748</subfield>
  </datafield>
  <datafield tag="700" ind1=" " ind2=" ">
    <subfield code="a">Misraki Paul</subfield>
    <subfield code="e">(musica)</subfield>
    <subfield code="g">Codice Musica SPICS: 16067</subfield>
    <subfield code="9">44570</subfield>
  </datafield>
  <datafield tag="700" ind1=" " ind2=" ">
    <subfield code="a">Sapin Louis </subfield>
    <subfield code="e">(soggetto)</subfield>
    <subfield code="g">Codice Soggetto SPICS: 32270</subfield>
    <subfield code="9">44571</subfield>
  </datafield>
  <datafield tag="942" ind1=" " ind2=" ">
    <subfield code="c">VH</subfield>
    <subfield code="2">ddc</subfield>
  </datafield>
  <datafield tag="999" ind1=" " ind2=" ">
    <subfield code="c">106004</subfield>
    <subfield code="d">106004</subfield>
  </datafield>
  <datafield tag="952" ind1=" " ind2=" ">
    <subfield code="0">0</subfield>
    <subfield code="1">0</subfield>
    <subfield code="4">0</subfield>
    <subfield code="6">48285_000000000000000</subfield>
    <subfield code="7">1</subfield>
    <subfield code="a">SPICS</subfield>
    <subfield code="b">SPICS</subfield>
    <subfield code="d">2015-01-31</subfield>
    <subfield code="l">0</subfield>
    <subfield code="o">48285</subfield>
    <subfield code="r">2015-01-31 00:00:00</subfield>
    <subfield code="w">2015-01-31</subfield>
    <subfield code="y">VH</subfield>
    <subfield code="z">Progr. Ins.: 2086 / N.Vol.:1 / Copie: 1 / Pag.:0 / Copia rara: n.d. / date import: 1.2.2015 / By Epidotti, Trombetti, Vaglietti</subfield>
  </datafield>
</record>
